000 00437nam a2200169 a 4500
001 000036642
003 DO-SdBNP
005 20230313113433.0
007 ta
008 120123s1972 dr 000 0 spa d
040 _aDO-SdBNP
_bspa
_cBNPHU
082 4 _222
245 0 3 _aLa máscara :
_bcuentos premiados 1971.
260 _aSanto Domingo :
_bMovimiento cultural la mascara,
_c1972.
300 _a108 p. ;
_c20 cm.
942 _2ddc
_cLBS1
999 _c36133
_d36133